|
|
|
|
| LEADER |
00000cas a22000001a 4500 |
| 001 |
vtls010298332 |
| 003 |
SK-MaSNL |
| 005 |
20260228162931.0 |
| 008 |
110809d19321933xo wr|p r 0 b0slo |
| 015 |
|
|
|a SNBDS17XX9999
|
| 015 |
|
|
|a 0434
|2 Kipsová 1919-38
|
| 038 |
|
|
|a SNKBUDS
|
| 040 |
|
|
|a SNK
|b slo
|c SNK
|e AACR2
|
| 041 |
0 |
|
|a slo
|
| 044 |
|
|
|a xo
|c SK
|
| 072 |
|
7 |
|a 82-1/-8
|x Literatúra rôznych foriem a žánrov (o nej)
|2 konspekt
|
| 080 |
|
|
|a 070.487
|2 2001
|
| 080 |
|
|
|a 82-7
|2 2001
|
| 245 |
0 |
0 |
|a Osa
|
| 260 |
|
|
|a Bratislava
|b Slovák
|c 1932-1933
|
| 300 |
|
|
|a 2 zv.
|c 30 cm
|
| 310 |
|
|
|a 1x týždenne
|
| 362 |
0 |
|
|a Roč. I, č. 1 (7.1.1932)-roč. II, č. 49 (9.12.1933)
|
| 500 |
|
|
|a Zmena podnázvu: od 19/1933, proti-revizionistická; od 21/1933, týždenník slovenského humoru; od 24/1933, študentská; od 26/1933, lojálna; od 33/1933, Pribinovská; [V tiráži] od 1/II (5. jan. 1933) Slovenský satirický týždenník
|
| 500 |
|
|
|a Vych. v Bratislave každý týždeň raz vo štvrtok
|
| 500 |
|
|
|a Zodp. red.: Karol Sidor; Red.: od 1/1933, „Osie hniezdo“
|
| 500 |
|
|
|a Maj. a vyd.: Slovák, novinárska a nakladatelská spoločnosť s r. o.
|
| 500 |
|
|
|a Tlač.: Kníhtlačiareň Sv. Andreja
|
| 500 |
|
|
|a Mal prílohu pre deti pod názvom: Osička
|
| 500 |
|
|
|a Podnázov v tir.: od 1/1933, Slovenský satirický týždenník
|
| 650 |
0 |
7 |
|a humor
|2 SNKPH
|9 1763
|
| 650 |
0 |
7 |
|a satira
|2 SNKPH
|9 1764
|
| 655 |
|
7 |
|a časopisy pre voľný čas
|2 SNKPH
|9 70337
|
| 700 |
1 |
|
|a Sidor, Karol,
|d 1901-1953
|4 lso
|9 110468
|
| 852 |
|
|
|a Štátna vedecká knižnica v Banskej Bystrici
|
| 910 |
|
|
|a snk
|
| 916 |
|
|
|a 1932-1933
|
| 999 |
|
|
|c 8593
|d 10523
|
| 952 |
|
|
|0 0
|1 0
|4 0
|7 0
|8 5
|a SNK
|b SNK
|d 2024-08-16
|i snkF 1890/1979
|l 0
|o snkČSB 224/1/1932 D1
|p 17A1317417
|r 2026-02-21 20:00:12
|w 2026-02-21
|y PREZ
|
| 952 |
|
|
|0 0
|1 0
|3 rekatalogizácia
|4 0
|7 0
|8 3
|a SNK
|b SNK
|d 2007-01-17
|f 1
|i snkK 1512/66
|l 0
|o snkČSB 224/1/1932
|p 17A0536580
|r 2026-02-21 20:14:12
|t č. 1-52, neúpl.
|w 2026-02-21
|y PREZ
|
| 952 |
|
|
|0 0
|1 0
|3 rekatalogizácia
|4 0
|7 0
|8 3
|a SNK
|b SNK
|d 2007-01-17
|f 1
|i snkK 1513/66
|l 0
|o snkČSB 224/2/1933
|p 17A0536569
|r 2026-02-21 20:14:12
|t č. 1-49, neúpl.
|w 2026-02-21
|y PREZ
|z chýba č. 33, 34, 46
|